000 003540000a22001570004500
001 000730
003 MACL
040 _aMACL
090 _c730
_d730
100 _aGopal, S
245 _aSelected Works Of Jawharlal Nehru Second Series 20
_cS Gopal
260 _aOxford University Press,
_c1997
350 _a500
650 _aLiterature
942 _k828
_cBook
999 _c728
_d728